The Tech and tools book : (Record no. 19094)

000 -LEADER
fixed length control field 00760cam a2200205 a 4500
020 ## - INTERNATIONAL STANDARD BOOK NUMBER
ISBN 0946688176
040 ## - CATALOGING SOURCE
Transcribing agency DLC
082 00 - DEWEY DECIMAL CLASSIFICATION NUMBER
Classification number 608 INT 1986 C161 Or.
245 04 - TITLE STATEMENT
Title The Tech and tools book :
Remainder of title a guide to technologies women are using worldwide /
260 ## - PUBLICATION, DISTRIBUTION, ETC. (IMPRINT)
Place of publication New York, NY, USA :
Name of publisher International Women's Tribune Centre,
Year of publication c1986,
300 ## - PHYSICAL DESCRIPTION
Number of Pages xiii, 176 p. :
Other physical details ill. ;
Dimensions 28 cm.
650 #0 - SUBJECT ADDED ENTRY--TOPICAL TERM
Topical Term Women in technology.
650 #0 - SUBJECT ADDED ENTRY--TOPICAL TERM
Topical Term Appropriate technology.
700 1# - ADDED ENTRY--PERSONAL NAME
Personal name Sandhu, Ruby.
700 1# - ADDED ENTRY--PERSONAL NAME
Personal name Sandler, Joanne
856 42 - ELECTRONIC LOCATION AND ACCESS
Uniform Resource Identifier http://www.loc.gov/catdir/enhancements/fy1117/88185971-d.html
856 41 - ELECTRONIC LOCATION AND ACCESS
Uniform Resource Identifier http://www.loc.gov/catdir/enhancements/fy1117/88185971-t.html
856 42 - ELECTRONIC LOCATION AND ACCESS
Uniform Resource Identifier http://www.loc.gov/catdir/enhancements/fy1208/88185971-b.html
942 ## - ADDED ENTRY ELEMENTS (KOHA)
Koha item type ADB
952 ## - LOCATION AND ITEM INFORMATION (KOHA)
Withdrawn status [LOCAL, KOHA] 0
Holdings
Source of acquisition Permanent Location Date acquired Koha item type Lost status Shelving location Current Location Full call number
A36711Library Block C2020-03-11សៀវភៅភាសាអង់គ្លេស C161Library Block C608 INT 1986 C161 Or.
មជ្ឈមណ្ឌលឯការនៃសាកលវិទ្យាល័យភូមិន្ទកសិកម្មចំការដូង

Powered by Koha